[Event "Tancats de l'Urgell D"]
[Site "Tarrega"]
[Date "2011.04.29"]
[Round "3.4"]
[White "Curia Pinyol, Julio"]
[Black "Alferez Valls, Ramon"]
[Result "0-1"]
[WhiteElo "1872"]
[BlackElo "1858"]
[PlyCount "48"]
[EventDate "2011.04.08"]
[EventType "tourn"]
[EventRounds "9"]
[EventCountry "ESP"]
[SourceTitle "EXT 2023"]
[Source "ChessBase"]
[SourceDate "2022.10.05"]
[SourceVersion "1"]
[SourceVersionDate "2022.10.05"]
[SourceQuality "1"]

1. e4 c6 2. d4 d5 3. exd5 cxd5 4. c4 Nf6 5. Nf3 Bg4 6. Be2 Nc6 7. a3 e6 8. c5 Be7 9. b4 a6 10. 0-0 Qc7 11. Nc3 0-0 12. Rb1 Ne4 13. Bb2 Bf6 14. Na4 Bxf3 15. Bxf3 Bg5 16. Bc1 Bxc1 17. Rxc1 f5 18. Nc3 Rf6 19. Bxe4 Rh6 20. h3 fxe4 21. Qd2 Rf8 22. Nd1 Rff6 23. Ne3 Rfg6 24. Ng4 Rxg4 0-1